<?xml version="1.0" encoding="UTF-8"?>
<record
    xmlns:xsi="http://www.w3.org/2001/XMLSchema-instance"
    xsi:schemaLocation="http://www.loc.gov/MARC21/slim http://www.loc.gov/standards/marcxml/schema/MARC21slim.xsd"
    xmlns="http://www.loc.gov/MARC21/slim">

  <leader>00747nam a22001457a 4500</leader>
  <controlfield tag="008">150318b        xxu||||| |||| 00| 0 eng d</controlfield>
  <datafield tag="082" ind1=" " ind2=" ">
    <subfield code="a">708.946</subfield>
    <subfield code="b">I597m</subfield>
  </datafield>
  <datafield tag="100" ind1=" " ind2=" ">
    <subfield code="a">	&#xC1;ngeles Villalba Salvador</subfield>
    <subfield code="9">2228</subfield>
  </datafield>
  <datafield tag="245" ind1=" " ind2=" ">
    <subfield code="a">Mercado del Arte y Coleccionismo en Espa&#xF1;a (1980-1995)</subfield>
    <subfield code="c">&#xC1;ngeles Villalba Salvador</subfield>
  </datafield>
  <datafield tag="260" ind1=" " ind2=" ">
    <subfield code="a">Madrid</subfield>
    <subfield code="b">Instituto de Cr&#xE9;dito Oficial</subfield>
    <subfield code="c">1996</subfield>
  </datafield>
  <datafield tag="300" ind1=" " ind2=" ">
    <subfield code="a">186 p.</subfield>
    <subfield code="b">ill</subfield>
    <subfield code="c">24 cm</subfield>
  </datafield>
  <datafield tag="505" ind1=" " ind2=" ">
    <subfield code="t">Presentacion </subfield>
    <subfield code="t">El mercado del arte </subfield>
    <subfield code="t">Coleccionismo</subfield>
    <subfield code="t">Coleccionismo publico </subfield>
    <subfield code="t">La politica oficial y el arte contemporaneo 1980 y 1995</subfield>
    <subfield code="t">Museos y colecciones de artes publicas </subfield>
    <subfield code="t">Museos monogr&#xE1;ficos </subfield>
    <subfield code="t">Coleccionismo privado </subfield>
  </datafield>
  <datafield tag="650" ind1=" " ind2=" ">
    <subfield code="a">Arte, Coleccionismo</subfield>
    <subfield code="v">Mercado del arte </subfield>
    <subfield code="y">1980-1995</subfield>
    <subfield code="z">Espa&#xF1;a</subfield>
    <subfield code="9">2229</subfield>
  </datafield>
  <datafield tag="700" ind1=" " ind2=" ">
    <subfield code="a">	&#xC1;ngeles Villalba Salvador</subfield>
    <subfield code="9">2230</subfield>
  </datafield>
  <datafield tag="999" ind1=" " ind2=" ">
    <subfield code="c">465</subfield>
    <subfield code="d">465</subfield>
  </datafield>
  <datafield tag="952" ind1=" " ind2=" ">
    <subfield code="0">0</subfield>
    <subfield code="1">0</subfield>
    <subfield code="2">ddc</subfield>
    <subfield code="4">0</subfield>
    <subfield code="7">0</subfield>
    <subfield code="a">LV</subfield>
    <subfield code="b">LV</subfield>
    <subfield code="c">Pensamiento</subfield>
    <subfield code="d">2015-03-18</subfield>
    <subfield code="l">0</subfield>
    <subfield code="o">708.946 I597m</subfield>
    <subfield code="p">000399</subfield>
    <subfield code="r">2015-03-18 00:00:00</subfield>
    <subfield code="w">2015-03-18</subfield>
    <subfield code="y">01</subfield>
  </datafield>
</record>
